[Event "Benidorm 2013 - Torneo sub2000"]
[Site "Benidorm ESP"]
[Date "2013.12.01"]
[Round "4.13"]
[White "Buiza Prieto, Aizbeltz"]
[Black "Wlogalski, Olivier"]
[Result "0-1"]
[WhiteElo "1996"]
[BlackElo "1921"]
[PlyCount "54"]
[EventDate "2013.11.29"]
[EventRounds "10"]
[EventCountry "ESP"]
[Source "lmi"]
[SourceDate "2013.11.29"]

1. e4 d5 2. exd5 Qxd5 3. Nc3 Qa5 4. d4 c6 5. Bc4 Nf6 6. Nf3 Bf5 7. Bd2 Qc7 8.
Ne5 e6 9. g4 Bg6 10. h4 Nbd7 11. Bf4 Nxe5 12. Bxe5 Qa5 13. Bxf6 gxf6 14. Qf3
O-O-O 15. O-O-O h5 16. Qxf6 Bb4 17. Bxe6+ fxe6 18. Qxe6+ Kb8 19. Qxg6 Bxc3 20.
bxc3 Qxc3 21. Qd3 Qa1+ 22. Kd2 Qxa2 23. g5 Rhf8 24. Ra1 Qd5 25. Kc3 Rf3 26. Kd2
Rff8 27. Qg3+ Ka8 0-1

[Event "Benidorm 2013 - Torneo sub2000"]
[Site "Benidorm ESP"]
[Date "2013.12.01"]
[Round "4.14"]
[White "Ingunza Lopez, Txema"]
[Black "Perez Garcia, Jose Miguel"]
[Result "1-0"]
[WhiteElo "1993"]
[BlackElo "1914"]
[PlyCount "89"]
[EventDate "2013.11.29"]
[EventRounds "10"]
[EventCountry "ESP"]
[Source "lmi"]
[SourceDate "2013.11.29"]

1. e4 c5 2. Nf3 e6 3. d4 cxd4 4. Nxd4 a6 5. Nc3 Qc7 6. Bd3 Nf6 7. Qe2 d6 8. O-O
Be7 9. f4 e5 10. Nf5 Bxf5 11. exf5 h5 12. fxe5 dxe5 13. Bg5 Nbd7 14. Kh1 h4 15.
Rf3 Rh5 16. Bxf6 Bxf6 17. Rh3 Rh8 18. Nd5 Qc5 19. Be4 Rb8 20. Rc3 Qa5 21. b4
Qd8 22. Rd1 Rc8 23. Rcd3 Nb8 24. Nxf6+ Qxf6 25. Bxb7 Rc7 26. Qd2 Rxb7 27. Rd8+
Ke7 28. Rxh8 Rd7 29. Qe2 Rxd1+ 30. Qxd1 Nd7 31. Rc8 Qxf5 32. h3 e4 33. Qe1 g5
34. Rc4 Nf6 35. Kg1 Qb5 36. Rc5 Qb6 37. Kh1 g4 38. hxg4 h3 39. g5 hxg2+ 40.
Kxg2 Nd7 41. Qxe4+ Kd8 42. Rd5 Qc6 43. Qf5 Ke8 44. Qxd7+ Qxd7 45. Rxd7 1-0

[Event "Benidorm 2013 - Torneo sub2000"]
[Site "Benidorm ESP"]
[Date "2013.12.01"]
[Round "4.15"]
[White "Riera Morilla, Elizabeth"]
[Black "Young, Mel J"]
[Result "1/2-1/2"]
[WhiteElo "1982"]
[BlackElo "1902"]
[PlyCount "112"]
[EventDate "2013.11.29"]
[EventRounds "10"]
[EventCountry "ESP"]
[Source "lmi"]
[SourceDate "2013.11.29"]

1. e4 c5 2. Nf3 d6 3. d4 cxd4 4. Nxd4 Nf6 5. Nc3 a6 6. f4 Nc6 7. Nxc6 bxc6 8.
Bc4 Qa5 9. Qd3 Ng4 10. h3 Qh5 11. Qf3 Nf6 12. Qxh5 Nxh5 13. O-O e6 14. g4 Nf6
15. Be3 Nd7 16. Rad1 d5 17. exd5 cxd5 18. Bxd5 exd5 19. Nxd5 Bd6 20. Nb6 Nxb6
21. Bxb6 Be7 22. Rfe1 Kf8 23. Rd8+ Bxd8 24. Bc5+ Be7 25. Rxe7 Bb7 26. Rxb7+ Kg8
27. h4 h6 28. Bd4 Rd8 29. c3 Re8 30. Kf2 Re4 31. Kf3 Re1 32. Ra7 Re6 33. f5 Rc6
34. a4 f6 35. Ra8+ Kh7 36. Rxh8+ Kxh8 37. a5 Kg8 38. b4 Kf7 39. Bc5 g6 40.
fxg6+ Kxg6 41. h5+ Kf7 42. Ke4 Ke6 43. c4 Rc8 44. Kf4 Rc6 45. Ke4 Rc8 46. Kf3
f5 47. gxf5+ Kxf5 48. Be3 Rxc4 49. Bxh6 Rh4 50. Bf8 Rh3+ 51. Ke2 Rxh5 52. Kd3
Ke6 53. Kc4 Kd7 54. Bc5 Kc6 55. Kd4 Kb5 56. Be7 Rh7 1/2-1/2

[Event "Benidorm 2013 - Torneo sub2000"]
[Site "Benidorm ESP"]
[Date "2013.12.01"]
[Round "4.16"]
[White "Blesa Fernandez, Francisco"]
[Black "Oualili, Abdelali"]
[Result "1-0"]
[WhiteElo "1978"]
[BlackElo "1900"]
[PlyCount "51"]
[EventDate "2013.11.29"]
[EventRounds "10"]
[EventCountry "ESP"]
[Source "lmi"]
[SourceDate "2013.11.29"]

1. d4 d5 2. c4 e6 3. Nc3 Nf6 4. Bg5 Be7 5. Nf3 h6 6. Bh4 O-O 7. e3 Ne4 8. Bxe7
Qxe7 9. Rc1 c6 10. Bd3 f5 11. O-O Nd7 12. Nd2 Ndf6 13. f3 Ng5 14. e4 fxe4 15.
fxe4 e5 16. exd5 exd4 17. Re1 Qd8 18. Nce4 Ng4 19. Nxg5 Qxg5 20. Nf3 Qh5 21.
Qe2 c5 22. h3 Nf6 23. Ne5 Qg5 24. Ng6 Re8 25. Qxe8+ Nxe8 26. Rxe8+ 1-0

[Event "Benidorm 2013 - Torneo sub2000"]
[Site "Benidorm ESP"]
[Date "2013.12.01"]
[Round "4.19"]
[White "Tirado Parra, Alberto"]
[Black "Denisik, Sergei"]
[Result "1/2-1/2"]
[WhiteElo "1900"]
[BlackElo "1956"]
[PlyCount "125"]
[EventDate "2013.11.29"]
[EventRounds "10"]
[EventCountry "ESP"]
[Source "lmi"]
[SourceDate "2013.11.29"]

1. Nf3 Nf6 2. g3 e6 3. c4 d5 4. b3 Be7 5. Bb2 c5 6. Bg2 Nc6 7. O-O O-O 8. cxd5
Nxd5 9. Na3 b6 10. d4 cxd4 11. Nxd4 Nxd4 12. Qxd4 Bf6 13. Qd2 Bxb2 14. Qxb2 Ba6
15. Rfd1 Rc8 16. e4 Qf6 17. Qxf6 Nxf6 18. Rac1 Rxc1 19. Rxc1 Rd8 20. Nc4 Bxc4
21. Rxc4 g6 22. Bf3 Rd2 23. Ra4 a5 24. Kf1 Nd7 25. Ke1 Rb2 26. Rd4 Ne5 27. Be2
Rxa2 28. f4 Nc6 29. Rd6 Nb4 30. g4 Rb2 31. f5 gxf5 32. gxf5 exf5 33. exf5 Kg7
34. Bh5 Nc2+ 35. Kd2 Nd4+ 36. Kc3 Nxf5 37. Rd7 Rxh2 38. Bxf7 Kf6 39. Bd5 Ke5
40. Bg8 Rh3+ 41. Kb2 h5 42. Rd5+ Ke4 43. Rb5 Nd4 44. Bd5+ Ke3 45. Rxb6 Rh2+ 46.
Ka3 Nc2+ 47. Ka4 Nb4 48. Bb7 Ra2+ 49. Kb5 Nc2 50. Rh6 Nd4+ 51. Ka6 Nxb3 52. Bd5
a4 53. Rxh5 Kd4 54. Kb5 Ra1 55. Kb4 Nc5 56. Bf7 Nd3+ 57. Kb5 Kc3 58. Rh3 a3 59.
Ka4 Kd2 60. Rh2+ Kc1 61. Rh1+ Kb2 62. Rxa1 Kxa1 63. Kxa3 1/2-1/2

[Event "Benidorm 2013 - Torneo sub2000"]
[Site "Benidorm ESP"]
[Date "2013.12.01"]
[Round "4.21"]
[White "Orantes Taboada, Manuel"]
[Black "Altin, Halis"]
[Result "1-0"]
[WhiteElo "1951"]
[BlackElo "1782"]
[PlyCount "87"]
[EventDate "2013.11.29"]
[EventRounds "10"]
[EventCountry "ESP"]
[Source "lmi"]
[SourceDate "2013.11.29"]

1. e4 e5 2. Nf3 Nc6 3. Bb5 a6 4. Bxc6 dxc6 5. O-O Bg4 6. h3 h5 7. d3 Qf6 8.
Nbd2 Bc5 9. Re1 Ne7 10. d4 Bxd4 11. hxg4 hxg4 12. Nxd4 Qh4 13. Kf1 exd4 14. g3
Qh3+ 15. Ke2 Ng6 16. b3 O-O-O 17. Rg1 Ne5 18. Qf1 Qh7 19. Kd1 d3 20. c4 Nf3 21.
Nxf3 gxf3 22. Be3 Qxe4 23. Kd2 Qe5 24. Qc1 f5 25. Qc3 Qe7 26. Rh1 Rhe8 27. Rh7
Rd7 28. c5 Rg8 29. Rah1 Qe8 30. Re1 Qg6 31. Rh4 Re8 32. Rd4 Rxd4 33. Qxd4 Rd8
34. Qe5 Re8 35. Qf4 Qf6 36. Bd4 Qf7 37. Rxe8+ Qxe8 38. Qxf5+ Kb8 39. Qxf3 Qg6
40. Qxd3 Qg5+ 41. Qe3 Qg6 42. Qd3 Qg5+ 43. Be3 Qf6 44. Qd4 1-0

[Event "Benidorm 2013 - Torneo sub2000"]
[Site "Benidorm ESP"]
[Date "2013.12.01"]
[Round "4.22"]
[White "Fernandez Garcia, Ignacio"]
[Black "Lopez Rivera, Jesus"]
[Result "1-0"]
[WhiteElo "1893"]
[BlackElo "1949"]
[PlyCount "53"]
[EventDate "2013.11.29"]
[EventRounds "10"]
[EventCountry "ESP"]
[Source "lmi"]
[SourceDate "2013.11.29"]

1. e4 c5 2. Nc3 d6 3. d3 g6 4. Be2 Bg7 5. f4 Nc6 6. Nf3 Nf6 7. O-O O-O 8. Qe1
Rb8 9. Qh4 b5 10. f5 Nd4 11. Bd1 Nxf3+ 12. Bxf3 Qb6 13. Be3 b4 14. Ne2 gxf5 15.
Ng3 fxe4 16. Bxe4 Nxe4 17. Qxe4 e6 18. Nh5 f5 19. Qh4 Be5 20. Rf3 Kh8 21. Bg5
Qc7 22. Re1 Bd4+ 23. Kh1 Rb7 24. Rg3 Qf7 25. Bh6 Rg8 26. Ree3 Bxe3 27. Rxg8+
1-0

[Event "Benidorm 2013 - Torneo sub2000"]
[Site "Benidorm ESP"]
[Date "2013.12.01"]
[Round "4.24"]
[White "Ruiz De Alegria Garcia, Carlos"]
[Black "Castrillo Mansego, Pablo"]
[Result "0-1"]
[WhiteElo "1861"]
[BlackElo "1940"]
[PlyCount "40"]
[EventDate "2013.11.29"]
[EventRounds "10"]
[EventCountry "ESP"]
[Source "lmi"]
[SourceDate "2013.11.29"]

1. d4 Nf6 2. c4 e6 3. g3 d5 4. Bg2 c6 5. b3 Bb4+ 6. Bd2 Bd6 7. Nf3 Nbd7 8. Bc3
Ne4 9. O-O O-O 10. Bb2 f5 11. Ne5 Nxe5 12. dxe5 Bc5 13. Bd4 Be7 14. f3 Ng5 15.
c5 b6 16. b4 bxc5 17. Bxc5 Bxc5+ 18. bxc5 Qa5 19. Qd2 Qxc5+ 20. Kh1 Nf7 0-1

[Event "Benidorm 2013 - Torneo sub2000"]
[Site "Benidorm ESP"]
[Date "2013.12.01"]
[Round "4.26"]
[White "Stefanov, Evtim"]
[Black "Gimenez Perez, Jaime"]
[Result "1-0"]
[WhiteElo "1998"]
[BlackElo "1521"]
[PlyCount "47"]
[EventDate "2013.11.29"]
[EventRounds "10"]
[EventCountry "ESP"]
[Source "lmi"]
[SourceDate "2013.11.29"]

1. e4 c5 2. Nc3 Nc6 3. g3 g6 4. Bg2 Bg7 5. d3 a6 6. Be3 b6 7. Qd2 Bb7 8. f4 d6
9. Nf3 b5 10. Rb1 Nf6 11. h3 Nd7 12. O-O Qa5 13. a3 O-O 14. g4 Bd4 15. Kh1 Bxe3
16. Qxe3 b4 17. Ne2 e5 18. f5 Kg7 19. g5 Rh8 20. Nh2 h6 21. gxh6+ Kg8 22. fxg6
Qd8 23. Rxf7 Ne7 24. Rbf1 1-0

[Event "Benidorm 2013 - Torneo sub2000"]
[Site "Benidorm ESP"]
[Date "2013.12.01"]
[Round "4.27"]
[White "Turcheniac, Mariya"]
[Black "Calatayud Ortega, Alberto"]
[Result "1/2-1/2"]
[WhiteElo "1998"]
[BlackElo "1845"]
[PlyCount "44"]
[EventDate "2013.11.29"]
[EventRounds "10"]
[EventCountry "ESP"]
[Source "lmi"]
[SourceDate "2013.11.29"]

1. e4 c5 2. b3 Nc6 3. Bb2 Nf6 4. e5 Nd5 5. Nc3 Nxc3 6. Bxc3 d5 7. exd6 Qxd6 8.
Bb5 Bd7 9. Nf3 a6 10. Bxc6 Bxc6 11. O-O f6 12. Re1 O-O-O 13. d3 h5 14. Qe2 e5
15. Nd2 Qd5 16. f3 Bd6 17. Nc4 Bc7 18. Ba5 Bxa5 19. Nxa5 Kc7 20. Nxc6 Kxc6 21.
Qe4 Qxe4 22. Rxe4 Rd4 1/2-1/2

[Event "Benidorm 2013 - Torneo sub2000"]
[Site "Benidorm ESP"]
[Date "2013.12.01"]
[Round "4.30"]
[White "Saber, Salah"]
[Black "Roca Cruz, Rafael"]
[Result "1-0"]
[WhiteElo "1842"]
[BlackElo "1988"]
[PlyCount "73"]
[EventDate "2013.11.29"]
[EventRounds "10"]
[EventCountry "ESP"]
[Source "lmi"]
[SourceDate "2013.11.29"]

1. e4 c6 2. d4 d6 3. Bd3 Qc7 4. Ne2 e5 5. c3 Be7 6. O-O Nf6 7. f4 Bg4 8. h3
Bxe2 9. Qxe2 Nbd7 10. Be3 O-O 11. Nd2 b5 12. a3 a6 13. Bc2 Nb6 14. Rf2 c5 15.
d5 Nfd7 16. f5 Rab8 17. Nf3 c4 18. Kh2 Nc5 19. Bg5 f6 20. Be3 Nba4 21. Bc1 a5
22. g4 Nb3 23. Bxb3 cxb3 24. Rg2 Qc4 25. Qe3 Qc5 26. Qe1 Nb6 27. g5 a4 28. gxf6
Bxf6 29. Bg5 Kh8 30. Qg3 Qc7 31. Rag1 Qe7 32. Qh4 h6 33. Bxf6 Qxf6 34. Qh5 Rb7
35. Rg6 Qd8 36. Ng5 Kg8 37. Qxh6 1-0

[Event "Benidorm 2013 - Torneo sub2000"]
[Site "Benidorm ESP"]
[Date "2013.12.01"]
[Round "4.36"]
[White "Bilescu, Lucian-Wolfgang"]
[Black "Lopez Valverde, Rafael"]
[Result "1-0"]
[WhiteElo "1970"]
[BlackElo "1825"]
[PlyCount "47"]
[EventDate "2013.11.29"]
[EventRounds "10"]
[EventCountry "ESP"]
[Source "lmi"]
[SourceDate "2013.11.29"]

1. e4 e5 2. Nf3 Nc6 3. Bb5 a6 4. Ba4 Nf6 5. d4 exd4 6. O-O b5 7. Bb3 Na5 8. e5
Ng8 9. Bxf7+ Kxf7 10. Ng5+ Ke8 11. Qf3 Nh6 12. Qxa8 Nc6 13. e6 Be7 14. Re1 Bf6
15. exd7+ Kxd7 16. Ne6 Qe7 17. Bxh6 gxh6 18. Nd2 Be5 19. Nb3 Qd6 20. Nec5+ Ke7
21. f4 Rg8 22. Rxe5+ Nxe5 23. Qe4 Kf8 24. fxe5 1-0

[Event "Benidorm 2013 - Torneo sub2000"]
[Site "Benidorm ESP"]
[Date "2013.12.01"]
[Round "4.39"]
[White "Lopez Heras, Arturo"]
[Black "Navarro Sancho, Rafael"]
[Result "0-1"]
[WhiteElo "1966"]
[BlackElo "1808"]
[PlyCount "46"]
[EventDate "2013.11.29"]
[EventRounds "10"]
[EventCountry "ESP"]
[Source "lmi"]
[SourceDate "2013.11.29"]

1. e4 g6 2. d4 Bg7 3. Nc3 d6 4. Be3 Nf6 5. f3 c6 6. Bd3 b5 7. a3 Na6 8. Nge2
O-O 9. Qd2 b4 10. Bxa6 bxc3 11. Qd3 cxb2 12. Rb1 Qa5+ 13. Kf2 Bxa6 14. c4 Rab8
15. Bd2 Qa4 16. Bb4 c5 17. dxc5 dxc5 18. Bxc5 Bxc4 19. Qe3 Bxe2 20. Qxe2 Rfc8
21. Bb4 Rc2 22. Bd2 Rd8 23. Rhd1 Bh6 0-1

[Event "Benidorm 2013 - Torneo sub2000"]
[Site "Benidorm ESP"]
[Date "2013.12.01"]
[Round "4.40"]
[White "Cardenas, Fernando Adrian"]
[Black "Garcia Alvarez, Javier Ii"]
[Result "1-0"]
[WhiteElo "1959"]
[BlackElo "1805"]
[PlyCount "53"]
[EventDate "2013.11.29"]
[EventRounds "10"]
[EventCountry "ESP"]
[Source "lmi"]
[SourceDate "2013.11.29"]

1. Nf3 d5 2. d4 Nf6 3. c4 c6 4. Nc3 e6 5. e3 Bd6 6. Bd3 Nbd7 7. O-O O-O 8. Bd2
Re8 9. Rc1 b6 10. Qc2 Bb7 11. Rfd1 a6 12. e4 dxe4 13. Nxe4 Nxe4 14. Bxe4 h6 15.
c5 bxc5 16. dxc5 Be7 17. Bxh6 f5 18. Bxf5 exf5 19. Qxf5 Bc8 20. Qe6+ Kh7 21.
Qxc6 Ra7 22. Qe4+ Kxh6 23. c6 Qa5 24. cxd7 Rxd7 25. Qc6+ Rd6 26. Rxd6+ Bxd6 27.
Qxd6+ 1-0

[Event "Benidorm 2013 - Torneo sub2000"]
[Site "Benidorm ESP"]
[Date "2013.12.01"]
[Round "4.49"]
[White "Reginaldo Huix, Pere"]
[Black "Ortin Blanco, Ainhoa"]
[Result "0-1"]
[WhiteElo "1926"]
[BlackElo "1663"]
[PlyCount "42"]
[EventDate "2013.11.29"]
[EventRounds "10"]
[EventCountry "ESP"]
[Source "lmi"]
[SourceDate "2013.11.29"]

1. d4 Nf6 2. e3 d5 3. Bd3 e6 4. f4 Be7 5. Nf3 O-O 6. Nbd2 c5 7. c3 Nc6 8. O-O
b6 9. Ne5 Bb7 10. Rf3 Nxe5 11. fxe5 Ne4 12. Rh3 h6 13. Qg4 Bg5 14. Bxe4 dxe4
15. Rg3 f5 16. exf6 Qxf6 17. Qe2 cxd4 18. exd4 Ba6 19. Qd1 Qf2+ 20. Kh1 Be3 21.
b3 Be2 0-1

[Event "Benidorm 2013 - Torneo sub2000"]
[Site "Benidorm ESP"]
[Date "2013.12.01"]
[Round "4.50"]
[White "Perez Guerra, Alberto"]
[Black "Miquel Juan, Marcelo"]
[Result "1-0"]
[WhiteElo "1921"]
[BlackElo "1672"]
[PlyCount "35"]
[EventDate "2013.11.29"]
[EventRounds "10"]
[EventCountry "ESP"]
[Source "lmi"]
[SourceDate "2013.11.29"]

1. e4 c5 2. Nf3 Nc6 3. Nc3 e5 4. Bc4 Nf6 5. Ng5 d5 6. exd5 Na5 7. Bb5+ Bd7 8.
Qe2 Qc7 9. f4 Bd6 10. Bxd7+ Nxd7 11. Nce4 a6 12. f5 O-O 13. O-O Be7 14. d3 Kh8
15. Rf3 c4 16. Rh3 Nf6 17. d6 cxd3 18. cxd3 1-0

[Event "Benidorm 2013 - Torneo sub2000"]
[Site "Benidorm ESP"]
[Date "2013.12.02"]
[Round "5.1"]
[White "Hall, Rachid"]
[Black "Morello Ostos, Domingo"]
[Result "1-0"]
[WhiteElo "1973"]
[BlackElo "1998"]
[PlyCount "83"]
[EventDate "2013.11.29"]
[EventRounds "10"]
[EventCountry "ESP"]
[Source "lmi"]
[SourceDate "2013.11.29"]

1. e4 c5 2. Nf3 Nc6 3. d4 cxd4 4. Nxd4 Nf6 5. Nc3 e5 6. Ndb5 d6 7. Bg5 a6 8.
Na3 b5 9. Nd5 Be7 10. Be3 Nxd5 11. exd5 Nb8 12. Qd2 O-O 13. c4 f5 14. f3 bxc4
15. Nxc4 Nd7 16. b4 Bh4+ 17. g3 f4 18. Bf2 fxg3 19. hxg3 Bg5 20. Be3 Bxe3 21.
Qxe3 Qf6 22. Qe4 g6 23. Be2 a5 24. Nxa5 Rxa5 25. bxa5 Nc5 26. Qh4 Qg7 27. Rb1
e4 28. f4 h5 29. Qg5 Bf5 30. O-O Qd4+ 31. Kh1 Qd2 32. Bxh5 Kg7 33. g4 e3 34.
gxf5 Qxd5+ 35. Bf3 Qxf5 36. Qxf5 gxf5 37. a6 Nxa6 38. Rb6 Nc5 39. Rxd6 Rh8+ 40.
Kg2 Rg8 41. Bd5 Re8 42. Kf3 1-0

[Event "Benidorm 2013 - Torneo sub2000"]
[Site "Benidorm ESP"]
[Date "2013.12.02"]
[Round "5.2"]
[White "Rizza, Francesco"]
[Black "Marti Blanes, Jose Manuel"]
[Result "1-0"]
[WhiteElo "1998"]
[BlackElo "1962"]
[PlyCount "133"]
[EventDate "2013.11.29"]
[EventRounds "10"]
[EventCountry "ESP"]
[Source "lmi"]
[SourceDate "2013.11.29"]

1. d4 Nf6 2. c4 g6 3. Nc3 Bg7 4. e4 d6 5. Nf3 O-O 6. Be2 e5 7. O-O Nc6 8. d5
Ne7 9. a4 Nh5 10. Re1 Nf4 11. Bxf4 exf4 12. Qd2 g5 13. Nxg5 Nxd5 14. Nxf7 Rxf7
15. Qxd5 Be5 16. Bh5 Qe7 17. Qxf7+ Qxf7 18. Bxf7+ Kxf7 19. Red1 c6 20. Rd3 Be6
21. b3 Rg8 22. Rad1 Ke7 23. Ne2 c5 24. Rb1 Bf7 25. h3 a6 26. Kf1 b5 27. cxb5
axb5 28. axb5 Rb8 29. Nc3 Bxc3 30. Rxc3 Rxb5 31. Ra1 Bxb3 32. Ra7+ Kf6 33. Rxh7
Ke5 34. Re7+ Kd4 35. Rc1 Bc4+ 36. Kg1 Bd3 37. Rd7 Rb6 38. f3 Ke3 39. h4 c4 40.
h5 Kd2 41. Ra1 c3 42. Ra2+ Ke3 43. Rc7 c2 44. Raxc2 Bxc2 45. Rxc2 Rb1+ 46. Kh2
Rb5 47. Kh3 Rxh5+ 48. Kg4 Rh8 49. Rc3+ Kd4 50. Rc6 Ke5 51. Rc2 Rg8+ 52. Kh5
Rh8+ 53. Kg5 Rg8+ 54. Kh5 Ke6 55. Rd2 Rg7 56. Rd5 Rxg2 57. Rf5 Rg7 58. Rxf4 d5
59. exd5+ Kxd5 60. Re4 Rg8 61. Re1 Rg7 62. f4 Rf7 63. Kg5 Kd6 64. f5 Rg7+ 65.
Kf6 Rg4 66. Re6+ Kd7 67. Kf7 1-0

[Event "Benidorm 2013 - Torneo sub2000"]
[Site "Benidorm ESP"]
[Date "2013.12.02"]
[Round "5.3"]
[White "Aliyev, Ravan Azar"]
[Black "Rodriguez Marcos, Jose R"]
[Result "1-0"]
[WhiteElo "1956"]
[BlackElo "1985"]
[PlyCount "65"]
[EventDate "2013.11.29"]
[EventRounds "10"]
[EventCountry "ESP"]
[Source "lmi"]
[SourceDate "2013.11.29"]

1. e4 c5 2. Nc3 Nc6 3. g3 d6 4. Bg2 g6 5. d3 Bg7 6. Nge2 Nf6 7. h3 Bd7 8. O-O
a6 9. a4 Nd4 10. Be3 e5 11. f4 b5 12. axb5 axb5 13. Rxa8 Qxa8 14. fxe5 dxe5 15.
Bg5 Qc6 16. Qe1 Nh5 17. g4 Ne6 18. Be3 Nhf4 19. Nxf4 Nxf4 20. Bxf4 exf4 21.
Rxf4 O-O 22. Nd5 Qd6 23. c3 b4 24. Qf1 bxc3 25. bxc3 Be6 26. Nf6+ Kh8 27. g5
Qe5 28. Rh4 h5 29. Qf4 Qxc3 30. Bf1 Qd4+ 31. Kh1 Ra8 32. Qf3 Ra1 33. Rxh5+ 1-0

[Event "Benidorm 2013 - Torneo sub2000"]
[Site "Benidorm ESP"]
[Date "2013.12.02"]
[Round "5.4"]
[White "Izagirre Alsua, Aritz"]
[Black "Gomez Dieguez, Adrian"]
[Result "0-1"]
[WhiteElo "1947"]
[BlackElo "1999"]
[PlyCount "124"]
[EventDate "2013.11.29"]
[EventRounds "10"]
[EventCountry "ESP"]
[Source "lmi"]
[SourceDate "2013.11.29"]

1. e4 e5 2. Nf3 Nc6 3. Bb5 a6 4. Ba4 Nf6 5. d3 b5 6. Bb3 Bc5 7. c3 O-O 8. O-O
h6 9. h3 d5 10. Nbd2 Bb7 11. Re1 Re8 12. Qe2 Bb6 13. Nf1 Na5 14. Bc2 dxe4 15.
dxe4 Nc4 16. Ng3 Nd6 17. Bd2 Nc4 18. Bc1 Nd7 19. Nf5 Qf6 20. Nh2 Nd6 21. Ng3
Nc5 22. Nf3 Kh7 23. Kh2 g6 24. Kg1 Rad8 25. Nh2 Qg7 26. Kh1 Ne6 27. Ng4 h5 28.
Nh2 Nc5 29. Nf3 Kg8 30. Kh2 Bc6 31. Bg5 f6 32. Bd2 Nc4 33. Bc1 a5 34. b3 Nd6
35. Bd2 b4 36. c4 Rd7 37. Rad1 Red8 38. Bc1 Qh7 39. h4 a4 40. Bd2 Ba5 41. Ng1
Ne6 42. Be3 Qe7 43. Nh3 Bb6 44. Rd2 axb3 45. axb3 Bxe3 46. fxe3 Nc5 47. Red1
Ncxe4 48. Nxe4 Nxe4 49. Rxd7 Rxd7 50. Rxd7 Qxd7 51. Qf3 Qg4 52. Qxg4 hxg4 53.
Bxe4 Bxe4 54. Nf2 Bc2 55. Nxg4 Kf7 56. e4 Bxb3 57. Ne3 f5 58. exf5 gxf5 59.
Nxf5 Bxc4 60. Ne3 Be2 61. Nd5 b3 62. Kg3 b2 0-1

[Event "Benidorm 2013 - Torneo sub2000"]
[Site "Benidorm ESP"]
[Date "2013.12.02"]
[Round "5.5"]
[White "Orantes Taboada, Manuel"]
[Black "Ingunza Lopez, Txema"]
[Result "1/2-1/2"]
[WhiteElo "1951"]
[BlackElo "1993"]
[PlyCount "34"]
[EventDate "2013.11.29"]
[EventRounds "10"]
[EventCountry "ESP"]
[Source "lmi"]
[SourceDate "2013.11.29"]

1. e4 c5 2. Nc3 Nc6 3. g3 g6 4. Bg2 Bg7 5. d3 d6 6. f4 e6 7. Nf3 Nge7 8. O-O
O-O 9. Be3 b6 10. d4 Ba6 11. Re1 cxd4 12. Bxd4 Nxd4 13. Nxd4 Qc7 14. Kh1 Qc5
15. Nb3 Qc7 16. Nd4 Qc5 17. Nb3 Qc7 1/2-1/2

[Event "Benidorm 2013 - Torneo sub2000"]
[Site "Benidorm ESP"]
[Date "2013.12.02"]
[Round "5.6"]
[White "Castrillo Mansego, Pablo"]
[Black "Blesa Fernandez, Francisco"]
[Result "1/2-1/2"]
[WhiteElo "1940"]
[BlackElo "1978"]
[PlyCount "51"]
[EventDate "2013.11.29"]
[EventRounds "10"]
[EventCountry "ESP"]
[Source "lmi"]
[SourceDate "2013.11.29"]

1. e4 e6 2. d4 d5 3. Nd2 Nf6 4. Bd3 c5 5. e5 Nfd7 6. c3 Nc6 7. Ne2 cxd4 8. cxd4
f6 9. exf6 Nxf6 10. Nf3 Qc7 11. O-O Bd6 12. Bg5 O-O 13. Ng3 Bd7 14. Rc1 Qb6 15.
Bxf6 Rxf6 16. Bxh7+ Kh8 17. Bb1 Rh6 18. Ng5 Rf8 19. Rxc6 Qxc6 20. Qg4 e5 21.
Bf5 Be8 22. Ne6 Rg8 23. Qg5 e4 24. Rc1 Be7 25. Rxc6 Bxg5 26. Rc7 1/2-1/2

[Event "Benidorm 2013 - Torneo sub2000"]
[Site "Benidorm ESP"]
[Date "2013.12.02"]
[Round "5.7"]
[White "Gambini, Stephane"]
[Black "Tonus, Alex"]
[Result "1-0"]
[WhiteElo "1975"]
[BlackElo "1949"]
[PlyCount "106"]
[EventDate "2013.11.29"]
[EventRounds "10"]
[EventCountry "ESP"]
[Source "lmi"]
[SourceDate "2013.11.29"]

1. c4 Nf6 2. Nc3 g6 3. e4 d6 4. g3 Bg7 5. Bg2 O-O 6. Nge2 Nbd7 7. d4 e5 8. d5
a5 9. O-O Nc5 10. Rb1 Ne8 11. Be3 b6 12. Qd2 f5 13. f3 Nf6 14. Bg5 Bd7 15. b3
Qc8 16. a3 fxe4 17. fxe4 Bh3 18. Bxf6 Bxf6 19. b4 Bxg2 20. Kxg2 Nd7 21. Nb5 Qd8
22. Qh6 axb4 23. axb4 Ra2 24. Nbc3 Rc2 25. h4 g5 26. Rf5 gxh4 27. Qe3 hxg3 28.
Qd3 Rxe2+ 29. Nxe2 Bh4 30. Rbf1 Rxf5 31. Rxf5 Nf8 32. Nxg3 Ng6 33. Nh5 Bg5 34.
Kf1 Be7 35. Qe3 Bf8 36. Nf6+ Kh8 37. Qh3 Qe7 38. Qg4 Qg7 39. Nh5 Qh6 40. Qg5
Qxg5 41. Rxg5 Be7 42. Rf5 Kg8 43. Rf2 Nh4 44. Ng3 Bg5 45. Ra2 Nf3 46. Ke2 Nd4+
47. Kd3 c6 48. Ra6 cxd5 49. exd5 Nb3 50. Rxb6 Be7 51. Nf5 Bf8 52. Nxd6 Nc1+ 53.
Ke4 Be7 1-0

[Event "Benidorm 2013 - Torneo sub2000"]
[Site "Benidorm ESP"]
[Date "2013.12.02"]
[Round "5.8"]
[White "Strand, Oyvin"]
[Black "Sevilla Subiza, Javier"]
[Result "0-1"]
[WhiteElo "1891"]
[BlackElo "1971"]
[PlyCount "96"]
[EventDate "2013.11.29"]
[EventRounds "10"]
[EventCountry "ESP"]
[Source "lmi"]
[SourceDate "2013.11.29"]

1. d4 Nf6 2. Nf3 g6 3. c4 Bg7 4. Nc3 d6 5. e4 O-O 6. Be2 Nbd7 7. O-O e5 8. d5
Nc5 9. Qc2 a5 10. Be3 b6 11. Ne1 Ng4 12. Bxg4 Bxg4 13. Nd3 Na6 14. a3 f5 15. f3
fxe4 16. fxe4 Bd7 17. b4 Rxf1+ 18. Rxf1 Nb8 19. c5 axb4 20. axb4 bxc5 21. bxc5
Bc8 22. Nb4 Na6 23. Nc6 Qe8 24. cxd6 cxd6 25. Nb5 Bf8 26. Qa2 Bd7 27. Rc1 Nc5
28. Qc2 Bxc6 29. dxc6 Qxc6 30. Qc4+ Kg7 31. Nxd6 Bxd6 32. Bxc5 Rc8 33. Bxd6
Qxc4 34. Rxc4 Rxc4 35. Bxe5+ Kf7 36. Kf2 Rxe4 37. Bg3 Ra4 38. Bb8 Ra3 39. h3
Ke6 40. g3 Kf5 41. Bd6 Rb3 42. Be7 Ke4 43. Kg2 Rb2+ 44. Kh1 Kf3 45. Bd6 h5 46.
Bc7 Rg2 47. g4 hxg4 48. h4 g3 0-1

[Event "Benidorm 2013 - Torneo sub2000"]
[Site "Benidorm ESP"]
[Date "2013.12.02"]
[Round "5.9"]
[White "Poggiolini, Alessandro"]
[Black "Del Mastro, Marco"]
[Result "0-1"]
[WhiteElo "1971"]
[BlackElo "1944"]
[PlyCount "54"]
[EventDate "2013.11.29"]
[EventRounds "10"]
[EventCountry "ESP"]
[Source "lmi"]
[SourceDate "2013.11.29"]

1. e4 c5 2. Nf3 e6 3. d4 cxd4 4. Nxd4 a6 5. Bd3 Nf6 6. O-O d6 7. c4 Be7 8. Nc3
Qc7 9. Be3 b6 10. f4 Nbd7 11. g4 Nc5 12. g5 Ng4 13. Qxg4 Nxd3 14. Qe2 Nc5 15.
f5 Bb7 16. b4 Nxe4 17. fxe6 f6 18. Nd5 Bxd5 19. cxd5 Nc3 20. Qh5+ g6 21. Qf3
O-O 22. Rac1 fxg5 23. Qg2 Qc4 24. Rxf8+ Rxf8 25. Qc2 b5 26. Nc6 Ne2+ 27. Kh1
Qxd5+ 0-1